[Event "SCO-ch op 128th"]
[Site "Dunfermline"]
[Date "2023.07.09"]
[Round "4"]
[White "McNaught, Jordan J"]
[Black "Marks, Ian Alexander"]
[Result "1-0"]
[WhiteElo "1696"]
[BlackElo "1874"]
[PlyCount "87"]
[EventDate "2023.07.07"]
[EventType "swiss"]
[EventRounds "5"]
[EventCountry "SCO"]
[SourceTitle "CBM 215 Extra"]
[Source "ChessBase"]
[SourceDate "2023.09.30"]
[SourceVersion "1"]
[SourceVersionDate "2023.09.30"]
[SourceQuality "1"]

1. d4 g6 2. c4 Bg7 3. Nc3 d6 4. e4 Nc6 5. Be3 e5 6. d5 Nd4 7. Nge2 Nxe2 8. Bxe2 Nf6 9. h3 0-0 10. Qd2 Nd7 11. g4 a5 12. h4 Qe7 13. h5 Nc5 14. 0-0-0 Bd7 15. Rh2 f6 16. hxg6 hxg6 17. Rdh1 g5 18. Bxc5 dxc5 19. Qe3 Be8 20. a4 Rd8 21. Bd1 c6 22. Bc2 Bg6 23. Ne2 Kf7 24. Ng3 Rh8 25. Nf5 Bxf5 26. gxf5 Rxh2 27. Rxh2 Rh8 28. Rxh8 Bxh8 29. dxc6 bxc6 30. Bd1 Qd6 31. Qb3 Qd4 32. Qb7+ Kf8 33. Qxc6 Qxc4+ 34. Kb1 g4 35. Qc8+ Kg7 36. Qd7+ Kf8 37. Qc8+ Kg7 38. Qb7+ Qf7 39. Qb5 Qc7 40. Bb3 Kh7 41. Qe8 Qg7 42. Qh5+ Qh6 43. Bg8+ Kg7 44. Qf7# 1-0

[Event "Livingston Allegro op"]
[Site "Livingston"]
[Date "2023.04.02"]
[Round "4"]
[White "Kerridge, Simon"]
[Black "McNaught, Jordan J"]
[Result "0-1"]
[WhiteElo "1469"]
[BlackElo "1549"]
[PlyCount "67"]
[EventDate "2023.04.02"]
[EventType "swiss (rapid)"]
[EventRounds "5"]
[EventCountry "SCO"]
[SourceTitle "CBM 213 Extra"]
[Source "ChessBase"]
[SourceDate "2023.05.31"]
[SourceVersion "1"]
[SourceVersionDate "2023.05.31"]
[SourceQuality "1"]

1. d4 d5 2. Nc3 Nf6 3. Bf4 a6 4. e3 e6 5. Bd3 c5 6. Nf3 Nc6 7. Ne5 cxd4 8. Nxc6 bxc6 9. exd4 Qb6 10. Rb1 Qxd4 11. Be3 Qg4 12. 0-0 Bd6 13. Be2 Qh4 14. f4 0-0 15. Rf3 e5 16. fxe5 Bxe5 17. g3 Qb4 18. a3 Qd6 19. Na4 d4 20. Bf4 Re8 21. Nb6 Bg4 22. Nxa8 Bxf3 23. Bxf3 Bxf4 24. gxf4 Rxa8 25. Qd2 Re8 26. Rd1 c5 27. c3 Rd8 28. b4 h6 29. cxd4 cxd4 30. Re1 Ne8 31. Re5 Nc7 32. Qd3 Qg6+ 33. Kf2 Qxd3 34. Re6 0-1